| 000 | 00920nac a22002531u 4500 | ||
|---|---|---|---|
| 010 | _a 2005283877 | ||
| 020 | _a0060563397 | ||
| 082 | 0 | 0 |
_a297.0904 _bABO |
| 090 |
_c6305 _d6305 |
||
| 100 | _aAbou El Fadl, Khaled, | ||
| 245 | 1 | 4 |
_aThe great theft :wrestling Islam from the extremists / _bwrestling Islam from the extremists / _cKhaled Abou El Fadl. |
| 250 | _a1st ed. | ||
| 260 |
_aNew York, NY : _bHarperSanFrancisco,c2005. _cc2005. |
||
| 300 |
_aviii, 308 p. ; _c22 cm. |
||
| 500 | _aDistributer: Al-Ahram. | ||
| 504 | _aIncludes bibliographical references. | ||
| 511 | _aCatalogued By: Mahitab. | ||
| 650 | 0 | _aIslam. | |
| 650 | 0 | _aMuslims. | |
| 650 | 0 | _aIslamic fundamentalism. | |
| 650 | 0 |
_aTerrorism _xReligious aspects _xIslam. |
|
| 942 |
_cBB _k297.0904ABO |
||
| 999 |
_c6305 _d6305 |
||